| 000 | 00415nam a2200169Ia 4500 | ||
|---|---|---|---|
| 003 | OSt | ||
| 005 | 20251117105709.0 | ||
| 008 | 240719s9999 xx 000 0 und d | ||
| 040 | _c1 | ||
| 041 | _aeng | ||
| 082 | _a823 JAC | ||
| 100 | _aJackson Holly | ||
| 245 | _aGood Girl Bad Blood | ||
| 260 |
_aLondon _bFarshore HarperCollins _c2021 |
||
| 520 | _aFaculty Purchase By Dr. Jitendra Sharma | ||
| 942 |
_2ddc _cBK |
||
| 999 |
_c41504 _d41504 |
||